00537nam a22001697a 450000500170000001000150001702000260003203500130005803700130007108200060008410000180009024501250010826000400023327000550027330000210032870000180034920180803142006.0 aENG-112747 c295.00a9789382711551 aEN-96279 bDBAD/PUB aN aYarrow, Joyce aRivers run back : cby Joyce Yarrow [and] Arindam Royba cross-cultural saga of love, crime and intertwined destinies /  aNew DelhibVitasta Publishingc2015 a2/15, Ansari Road, Daryaganj, bNew Delhi e110002 a365p.c21cm(pbk) aRoy, Arindam